000 01122nam a2200253Ia 4500
001 18125
003 GE_BSU
008 181216s||||||||xx |||||||||||||| ||und||
020 _a978-9941-10-929-4
040 _cGE_BSU
080 _a94(479.22:470)
100 _aშველიძე, დ. (დიმიტრი)
245 _aსაქართველოს მფარველობა და დაპყრობა რუსეთის მიერ
245 _cრედ. ვახტანგ გურული
250 _aივანე ჯავახიშვილის სახ. თსუ, ჰუმანიტ. მეცნ. ფაკ-ტი, საქ. ისტორიის ინ-ტი.
260 _aთბილისი
260 _bმერიდიანი
260 _c2014
300 _a156 გვ. ; 20 სმ
300 _eბიბლიოგრ.: გვ. 147-153.
653 _aისტორია
653 _aსაქართველოს მფარველობა და დაპყრობა რუსეთის მიერ
942 _cBK
999 _c51166
_d51166